=LDR 00000nam 2200000 4500 =001 INLIS000000000047358 =005 20151021120858.0 =006 =007 =008 =020 ##$$a - =035 ##$$0010-101500000000069 =040 ##$$a ind =082 ##$$a 657 =090 ##$$a 657 $b Yul a =100 ##$$a Yulianto, =245 ##$$a Akuntansi : kurikulum 1984 =250 ##$$a - =260 ##$$b Widya Duta $c 1987 =300 ##$$a 188 hlm $b 20 cm =850 ##$$a NBPDMAT =990 ##$$a 0001/BPAP-NTB/2015